[Event "Mundial Juvenil femenino 2005 s14"]
[Site "Belfort FRA"]
[Date "2005.07.22"]
[Round "4.15"]
[White "Porat, Maya"]
[Black "Le, Hoan Tran Chau"]
[Result "0-1"]
[WhiteElo "1948"]
[BlackElo "1599"]
[PlyCount "160"]
[EventDate "2005.07.19"]
[EventType "swiss"]
[EventRounds "11"]
[EventCountry "FRA"]
[Source "lmi"]
[SourceDate "2005.07.31"]

1. d4 b6 2. c4 e6 3. Nf3 Bb7 4. a3 f5 5. g3 Nf6 6. Bg2 Be7 7. O-O O-O 8. Nbd2
d6 9. b4 Nbd7 10. Ng5 Bxg2 11. Kxg2 Qc8 12. Nxe6 Qb7+ 13. Nf3 Rfe8 14. d5 b5
15. cxb5 Nxd5 16. Qb3 Kh8 17. Bb2 Bf6 18. Ned4 Bxd4 19. Bxd4 Rxe2 20. Qd3 Re4
21. Rad1 N7f6 22. Kg1 f4 23. Ng5 Re7 24. Qf3 Rb8 25. Bxf6 Nxf6 26. Qxf4 Qxb5
27. Rfe1 Rbe8 28. Nf3 h6 29. Rxe7 Rxe7 30. Re1 Rxe1+ 31. Nxe1 a5 32. bxa5 Qxa5
33. Qb4 Qa7 34. a4 Qb6 35. Qxb6 cxb6 36. Nd3 Nd7 37. Kf1 Nc5 38. Nb2 d5 39. Ke2
Kg8 40. Ke3 Kf7 41. a5 bxa5 42. Kd4 a4 43. Nd1 a3 44. Nc3 Na4 45. Na2 Ke6 46.
f4 Kd6 47. g4 Nb6 48. f5 Nc4 49. Nc3 Ne5 50. Nb5+ Kc6 51. Nxa3 Nxg4 52. Nc2
Nxh2 53. Nb4+ Kd6 54. Nxd5 Nf3+ 55. Ke4 Ng5+ 56. Kd4 h5 57. Ne3 h4 58. f6 g6
59. Ng4 Ke6 60. f7 Nxf7 61. Ke4 g5 62. Nf2 Nd6+ 63. Kf3 Kf5 64. Ng4 Nf7 65.
Ne3+ Kg6 66. Ng4 Nh6 67. Ne3 Kh5 68. Kg2 g4 69. Kh2 Kg5 70. Ng2 Nf5 71. Ne1 h3
72. Nd3 Kh4 73. Ne5 g3+ 74. Kh1 Kg5 75. Nd3 Ne3 76. Ne1 Kf4 77. Kg1 Ng4 78.
Nd3+ Ke3 79. Ne1 h2+ 80. Kg2 Nf2 0-1

[Event "Mundial Juvenil femenino 2005 s14"]
[Site "Belfort FRA"]
[Date "2005.07.22"]
[Round "4.16"]
[White "Heinatz, Maria"]
[Black "Uuganbayar, Khamsuren"]
[Result "1/2-1/2"]
[WhiteElo "1940"]
[BlackElo "1599"]
[PlyCount "73"]
[EventDate "2005.07.19"]
[EventType "swiss"]
[EventRounds "11"]
[EventCountry "FRA"]
[Source "lmi"]
[SourceDate "2005.07.31"]

1. e4 e6 2. d4 d5 3. Nc3 Bb4 4. e5 c5 5. a3 Bxc3+ 6. bxc3 Ne7 7. Qg4 Qc7 8.
Qxg7 Rg8 9. Qxh7 cxd4 10. Ne2 Nbc6 11. Bf4 dxc3 12. Qd3 Ng6 13. Bg3 Qa5 14.
Qxc3 Qxc3+ 15. Nxc3 Ngxe5 16. f4 Nd7 17. Bd3 Nc5 18. O-O a6 19. Bf2 Nxd3 20.
cxd3 b5 21. Bc5 Bb7 22. Rab1 Rc8 23. d4 Na5 24. g3 Nc4 25. Rfc1 Bc6 26. Nd1 Nd2
27. Rb2 Ne4 28. Bb4 Kd7 29. Nf2 Nxf2 30. Kxf2 Rh8 31. Ke3 Rh3 32. Rcc2 Ra8 33.
Kf3 Rah8 34. Re2 R8h4 35. Ke3 Rh8 36. Kf3 R8h4 37. Ke3 1/2-1/2

[Event "Mundial Juvenil femenino 2005 s14"]
[Site "Belfort FRA"]
[Date "2005.07.22"]
[Round "4.17"]
[White "Cechetto, Lea"]
[Black "Moernaut, Evelien"]
[Result "1-0"]
[WhiteElo "1599"]
[BlackElo "1935"]
[PlyCount "55"]
[EventDate "2005.07.19"]
[EventType "swiss"]
[EventRounds "11"]
[EventCountry "FRA"]
[Source "lmi"]
[SourceDate "2005.07.31"]

1. e4 e6 2. d4 d5 3. e5 c5 4. Nf3 cxd4 5. Nxd4 Qb6 6. c3 Bd7 7. Qc2 Bc5 8. Nb3
Ba4 9. Bd3 Ne7 10. O-O Ng6 11. Bxg6 hxg6 12. Bf4 Nc6 13. N1d2 Rc8 14. Qd3 Bb5
15. c4 Nb4 16. Qe2 dxc4 17. Nxc5 Qxc5 18. Qf3 Nd5 19. Ne4 Qc7 20. Nd6+ Ke7 21.
Nxb5 Qb6 22. Nd6 Rc6 23. Be3 Nxe3 24. fxe3 Rf8 25. Qe2 Qb4 26. Rac1 b5 27. Rf4
Qa5 28. Qf3 1-0

[Event "Mundial Juvenil femenino 2005 s14"]
[Site "Belfort FRA"]
[Date "2005.07.22"]
[Round "4.18"]
[White "Deur, Zrinka"]
[Black "Rysbayeva, Algerim"]
[Result "1-0"]
[WhiteElo "1918"]
[BlackElo "1599"]
[PlyCount "93"]
[EventDate "2005.07.19"]
[EventType "swiss"]
[EventRounds "11"]
[EventCountry "FRA"]
[Source "lmi"]
[SourceDate "2005.07.31"]

1. e4 e5 2. Nf3 Nc6 3. Bb5 g6 4. O-O Bg7 5. c3 Nge7 6. Re1 O-O 7. d4 exd4 8.
cxd4 d5 9. exd5 Nxd5 10. Bxc6 bxc6 11. Ne5 Qd6 12. Nc3 Bf5 13. g4 Nxc3 14. bxc3
Bc8 15. Qa4 Re8 16. Ba3 Qd5 17. h3 Bb7 18. Qb3 Rab8 19. Qxd5 cxd5 20. Rab1 Bxe5
21. Rxe5 Bc6 22. Rxb8 Rxb8 23. Re7 Rc8 24. g5 Bb5 25. Bb4 a6 26. Kg2 Re8 27.
Rxc7 Kg7 28. Rc5 Bc4 29. a4 h6 30. h4 hxg5 31. hxg5 Rh8 32. Kg3 Be2 33. Kf4 Bc4
34. f3 Bb3 35. Ra5 Bc4 36. Be7 f5 37. gxf6+ Kf7 38. Rc5 Rh7 39. Rc7 Ke6 40.
Rc6+ Kf7 41. Rd6 Rh5 42. Rd8 Rh7 43. Ke5 Rh5+ 44. Kd6 g5 45. Rf8+ Kg6 46. Rg8+
Kh7 47. Rg7+ 1-0

[Event "Mundial Juvenil femenino 2005 s14"]
[Site "Belfort FRA"]
[Date "2005.07.22"]
[Round "4.19"]
[White "Sanchez Delgado, Lidia"]
[Black "Valiyeva, Khayala"]
[Result "1-0"]
[WhiteElo "1898"]
[BlackElo "1599"]
[PlyCount "63"]
[EventDate "2005.07.19"]
[EventType "swiss"]
[EventRounds "11"]
[EventCountry "FRA"]
[Source "lmi"]
[SourceDate "2005.07.31"]

1. e4 c5 2. Nf3 e6 3. d4 cxd4 4. Nxd4 Nc6 5. Nxc6 bxc6 6. c4 Nf6 7. Bd3 Bd6 8.
f4 e5 9. f5 Bc5 10. Nd2 d6 11. Nb3 Bb6 12. Qf3 d5 13. cxd5 cxd5 14. Bg5 d4 15.
Bb5+ Bd7 16. Qg3 Bc7 17. Bxd7+ Qxd7 18. Bxf6 gxf6 19. Qg7 Ke7 20. Kf2 Bb6 21.
Kf3 Qb5 22. Rhd1 a5 23. Rac1 a4 24. Na1 Qxb2 25. Rc6 Qa3+ 26. Kf2 Rhg8 27.
Qxf6+ Kd7 28. Nc2 Bd8 29. Qxf7+ Qe7 30. Qd5+ Ke8 31. Re6 Qxe6 32. fxe6 1-0

[Event "Mundial Juvenil femenino 2005 s14"]
[Site "Belfort FRA"]
[Date "2005.07.22"]
[Round "4.20"]
[White "Esonboeva, Gulruhsor"]
[Black "Manyoki, Anna"]
[Result "1-0"]
[WhiteElo "1599"]
[BlackElo "1850"]
[PlyCount "67"]
[EventDate "2005.07.19"]
[EventType "swiss"]
[EventRounds "11"]
[EventCountry "FRA"]
[Source "lmi"]
[SourceDate "2005.07.31"]

1. Nf3 d5 2. d4 Nf6 3. Bg5 Ne4 4. Bf4 c5 5. e3 e6 6. Be2 Nc6 7. O-O Bd6 8. Bxd6
Qxd6 9. Nbd2 Nf6 10. dxc5 Qxc5 11. Nb3 Qe7 12. c4 O-O 13. Rc1 Rd8 14. Qc2 e5
15. Rfd1 Be6 16. cxd5 Bxd5 17. a3 Rac8 18. Nc5 b6 19. e4 Nd4 20. Nxd4 exd4 21.
exd5 bxc5 22. Ba6 Rc7 23. Rxd4 Rxd5 24. Rxd5 Nxd5 25. Bc4 Nb6 26. b4 Kh8 27.
Bb5 c4 28. Qc3 Qg5 29. a4 Nd5 30. Qe1 Re7 31. Qd1 Re4 32. Rxc4 Rxc4 33. Bxc4
Nxb4 34. Qe1 1-0

[Event "Mundial Juvenil femenino 2005 s14"]
[Site "Belfort FRA"]
[Date "2005.07.23"]
[Round "5.3"]
[White "Muzychuk, Mariya"]
[Black "Skinke, Katrina"]
[Result "1/2-1/2"]
[WhiteElo "2113"]
[BlackElo "2100"]
[PlyCount "143"]
[EventDate "2005.07.19"]
[EventType "swiss"]
[EventRounds "11"]
[EventCountry "FRA"]
[Source "lmi"]
[SourceDate "2005.07.31"]

1. e4 d6 2. d4 Nf6 3. Nc3 g6 4. Bg5 Bg7 5. Qd2 h6 6. Be3 Ng4 7. Bf4 e5 8. dxe5
Nxe5 9. O-O-O Be6 10. Nf3 Nxf3 11. gxf3 Nd7 12. Be3 Qf6 13. f4 a6 14. h4 O-O-O
15. a3 Nb8 16. f3 Nc6 17. Bh3 Bxh3 18. Rxh3 Qe6 19. Rh2 Qc4 20. Qd5 Qxd5 21.
Nxd5 h5 22. Rg2 Bh6 23. b4 Rde8 24. c4 Re6 25. Rdg1 Ne7 26. Kd2 Nxd5 27. cxd5
Rf6 28. Rg5 Re8 29. Rh1 c6 30. Rc1 Kd7 31. dxc6+ bxc6 32. Ra5 Ra8 33. f5 Bxe3+
34. Kxe3 gxf5 35. exf5 d5 36. Kf4 Rh6 37. a4 Rb8 38. Kg5 Rd6 39. Rxa6 f6+ 40.
Kxh5 Rxb4 41. Ra7+ Kc8 42. Re1 Rd8 43. Ra8+ Rb8 44. Rxb8+ Kxb8 45. Kg6 d4 46.
Kxf6 d3 47. Ke7 d2 48. Rd1 Kc7 49. f6 Rd7+ 50. Kf8 c5 51. f7 c4 52. Kg8 Rd8+
53. f8=Q Rxf8+ 54. Kxf8 c3 55. Kg7 c2 56. Rxd2 c1=Q 57. Rg2 Qc3+ 58. Kg6 Qxf3
59. Rg5 Qe4+ 60. Kh5 Qxa4 61. Rg4 Qe8+ 62. Kg5 Kd6 63. Rf4 Qg8+ 64. Kh5 Ke5 65.
Rf3 Ke4 66. Rf6 Qh7+ 67. Kg5 Ke5 68. Rg6 Qe7+ 69. Kg4 Qd7+ 70. Kg5 Qe7+ 71. Kg4
Qd7+ 72. Kg5 1/2-1/2

[Event "Mundial Juvenil femenino 2005 s14"]
[Site "Belfort FRA"]
[Date "2005.07.23"]
[Round "5.4"]
[White "Vojinovic, Jovana"]
[Black "Ramya, Krishna I"]
[Result "0-1"]
[WhiteElo "1952"]
[BlackElo "2165"]
[PlyCount "112"]
[EventDate "2005.07.19"]
[EventType "swiss"]
[EventRounds "11"]
[EventCountry "FRA"]
[Source "lmi"]
[SourceDate "2005.07.31"]

1. d4 d5 2. Nf3 Nf6 3. c4 e6 4. g3 Be7 5. Bg2 O-O 6. O-O dxc4 7. Qc2 a6 8. a4
Bd7 9. Ne5 Bc6 10. Nxc6 Nxc6 11. e3 Na5 12. Nd2 c5 13. dxc5 Rc8 14. b4 cxb3 15.
Nxb3 Bxc5 16. Nxc5 b6 17. Nxe6 Rxc2 18. Nxd8 Rxd8 19. Ba3 Nc4 20. Rfd1 Rxd1+
21. Rxd1 h6 22. Be7 Ra2 23. Rd8+ Kh7 24. Bxf6 gxf6 25. Bc6 Ne5 26. Be8 Kg7 27.
Ra8 a5 28. Rb8 Nc4 29. h4 Ra1+ 30. Kg2 Ra2 31. e4 Ne3+ 32. Kf3 Nd1 33. Rb7
Rxf2+ 34. Kg4 f5+ 35. exf5 Ne3+ 36. Kh3 Rxf5 37. Rxb6 h5 38. Rb3 Re5 39. Bc6
Ng4 40. Bf3 f5 41. Rb5 Kf6 42. Kg2 Rxb5 43. axb5 Ke6 44. b6 Kd6 45. b7 Kc7 46.
Bd5 a4 47. Kf3 Ne5+ 48. Kf2 Nd3+ 49. Kf3 Nb4 50. b8=Q+ Kxb8 51. Bf7 Kc7 52. Kf4
Kd6 53. Ke3 a3 54. Bc4 Ke5 55. Bb3 a2 56. Bxa2 Nxa2 0-1

[Event "Mundial Juvenil femenino 2005 s14"]
[Site "Belfort FRA"]
[Date "2005.07.23"]
[Round "5.5"]
[White "Genzling, Sylvie"]
[Black "Melekhina, Alisa"]
[Result "1/2-1/2"]
[WhiteElo "1968"]
[BlackElo "2163"]
[PlyCount "116"]
[EventDate "2005.07.19"]
[EventType "swiss"]
[EventRounds "11"]
[EventCountry "FRA"]
[Source "lmi"]
[SourceDate "2005.07.31"]

1. d4 d5 2. c4 Nc6 3. Nf3 Bg4 4. Nc3 e6 5. Bf4 Nf6 6. e3 Bb4 7. Rc1 Nh5 8. Bg3
Nxg3 9. hxg3 Qd7 10. a3 Bxc3+ 11. Rxc3 Bxf3 12. gxf3 Ne7 13. e4 dxc4 14. Bxc4
Rd8 15. Rd3 c6 16. a4 Ng6 17. Ke2 Qc7 18. b4 Rd6 19. Qb3 O-O 20. Rhd1 Rfd8 21.
Kf1 b6 22. Kg2 b5 23. axb5 cxb5 24. Bxb5 Qb6 25. Qc4 Rb8 26. Qc5 Rdd8 27. Bc6
a6 28. f4 Qxb4 29. Qxb4 Rxb4 30. d5 e5 31. Kf3 Rb6 32. Ba4 Rbd6 33. Rc3 f6 34.
Rc6 Ne7 35. Rxd6 Rxd6 36. fxe5 fxe5 37. Ke3 Kf7 38. f4 Ng6 39. Rh1 h6 40. Rh5
exf4+ 41. gxf4 Ke7 42. Bc6 Rf6 43. f5 Ne5 44. Ba4 Rf8 45. Rh1 Rb8 46. Rg1 Kf6
47. d6 Rd8 48. Rd1 Nc4+ 49. Kf4 Ne5 50. Rd5 g5+ 51. fxg6 Nxg6+ 52. Ke3 Ke6 53.
d7 Nf8 54. Ra5 Nxd7 55. Rxa6+ Kf7 56. Rxh6 Nc5 57. Bb5 Nxe4 58. Kxe4 Rb8
1/2-1/2

[Event "Mundial Juvenil femenino 2005 s14"]
[Site "Belfort FRA"]
[Date "2005.07.23"]
[Round "5.6"]
[White "Guadamuro Torrente, Ana Isabel"]
[Black "Deur, Zrinka"]
[Result "1/2-1/2"]
[WhiteElo "2084"]
[BlackElo "1918"]
[PlyCount "116"]
[EventDate "2005.07.19"]
[EventType "swiss"]
[EventRounds "11"]
[EventCountry "FRA"]
[Source "lmi"]
[SourceDate "2005.07.31"]

1. e4 c5 2. Nf3 d6 3. d4 cxd4 4. Nxd4 Nf6 5. Nc3 g6 6. Be3 Bg7 7. Be2 O-O 8.
O-O Nc6 9. Qd2 Bd7 10. f4 Rc8 11. Nxc6 Bxc6 12. Bf3 b5 13. Nd5 Nxd5 14. exd5
Bd7 15. c3 Rc7 16. Bd4 h5 17. Bxg7 Kxg7 18. Qd4+ f6 19. Rae1 Rf7 20. f5 Bxf5
21. Bxh5 Rc4 22. Qe3 Re4 23. Qg3 Rxe1 24. Rxe1 Qh8 25. Bg4 Bxg4 26. Qxg4 Qh6
27. Qd4 Qg5 28. h3 a5 29. b3 Kf8 30. Qd3 Rh7 31. Qxb5 Rxh3 32. Qc4 Re3 33. Rf1
Qe5 34. Qh4 Rxc3 35. Qh8+ Kf7 36. Qh7+ Ke8 37. Qxg6+ Kd7 38. Qg4+ Kc7 39. Qh4
Qxd5 40. Re1 Qc5+ 41. Kh2 Re3 42. Rd1 Qe5+ 43. Kh1 Qe4 44. Qf2 d5 45. Qd2 Rh3+
46. Kg1 Qe3+ 47. Qxe3 Rxe3 48. Rxd5 Kc6 49. Kf2 Rc3 50. Rd2 Kc5 51. g3 e5 52.
Re2 Kd4 53. Rd2+ Rd3 54. Rc2 e4 55. Rc4+ Kd5 56. Ra4 Rc3 57. Rxa5+ Kd4 58. a4
Kd3 1/2-1/2

[Event "Mundial Juvenil femenino 2005 s14"]
[Site "Belfort FRA"]
[Date "2005.07.23"]
[Round "5.7"]
[White "Sanchez Delgado, Lidia"]
[Black "Kulon, Klaudia"]
[Result "0-1"]
[WhiteElo "1898"]
[BlackElo "2069"]
[PlyCount "142"]
[EventDate "2005.07.19"]
[EventType "swiss"]
[EventRounds "11"]
[EventCountry "FRA"]
[Source "lmi"]
[SourceDate "2005.07.31"]

1. e4 c5 2. Nf3 d6 3. d4 cxd4 4. Nxd4 Nf6 5. Nc3 g6 6. Be3 Bg7 7. f3 O-O 8. Qd2
Nc6 9. O-O-O Nxd4 10. Bxd4 Be6 11. Kb1 Qc7 12. g4 Rfc8 13. h4 Qa5 14. Bxf6 Bxf6
15. Nd5 Qxd2 16. Nxf6+ Kg7 17. Rxd2 Kxf6 18. Bh3 Ke5 19. g5 Kf4 20. Bxe6 fxe6
21. Rh3 a5 22. Kc1 a4 23. Rd3 a3 24. bxa3 Ra5 25. Rb3 Rc7 26. Kd2 Rac5 27. c3
b5 28. Kc2 Ke3 29. Kb2 Kf4 30. Kc2 e5 31. Kd2 e6 32. a4 bxa4 33. Rb8 Rf7 34.
Re8 d5 35. Rxe6 dxe4 36. fxe4 Kxe4 37. Re3+ Kf5 38. Ra6 Rd7+ 39. Ke2 Rc4 40.
Rf6+ Kg4 41. Rxe5 Kxh4 42. Rf3 Rg4 43. Ke3 Ra7 44. Rf1 Rg3+ 45. Kd4 Rd7+ 46.
Kc4 Rc7+ 47. Kb4 Rg4+ 48. Kb5 Rxc3 49. Rf7 a3 50. Rxh7+ Kg3 51. Rh6 Kf4 52. Rd5
Ke4 53. Rd6 Rxg5+ 54. Kb4 Rcg3 55. Ra6 R5g4 56. Rh8 Re3 57. Rha8 Kf5+ 58. Kb5
Rgg3 59. Kb4 Rg4+ 60. Kb5 Re5+ 61. Kc6 Re6+ 62. Kc5 Rxa6 63. Rxa6 Rg3 64. Ra8
g5 65. Kd5 Kf4 66. Ra4+ Kf5 67. Ra8 Kg4 68. Ke5 Rf3 69. Ke4 Kg3 70. Rd8 g4 71.
Rd1 Kg2 0-1

[Event "Mundial Juvenil femenino 2005 s14"]
[Site "Belfort FRA"]
[Date "2005.07.23"]
[Round "5.8"]
[White "Cechetto, Lea"]
[Black "Smith, Hazel"]
[Result "0-1"]
[WhiteElo "1599"]
[BlackElo "2023"]
[PlyCount "58"]
[EventDate "2005.07.19"]
[EventType "swiss"]
[EventRounds "11"]
[EventCountry "FRA"]
[Source "lmi"]
[SourceDate "2005.07.31"]

1. e4 e6 2. d4 d5 3. e5 c5 4. c3 Qb6 5. Nf3 Nc6 6. a3 a5 7. Be2 Nh6 8. O-O cxd4
9. cxd4 Nf5 10. Be3 Qxb2 11. Nbd2 a4 12. Rb1 Qxa3 13. Ra1 Nxe3 14. Rxa3 Nxd1
15. Rd3 Nb2 16. Rc3 a3 17. Ra1 Na4 18. Rb3 Na5 19. Rb5 Bd7 20. Rbb1 Nc3 21. Re1
Nxe2+ 22. Rxe2 Be7 23. Re3 O-O 24. Nb1 Nc4 25. Rb3 b5 26. Ne1 b4 27. f4 Ba4 28.
Rf3 f5 29. Nc2 Bxc2 0-1

[Event "Mundial Juvenil femenino 2005 s14"]
[Site "Belfort FRA"]
[Date "2005.07.23"]
[Round "5.9"]
[White "Drobrenski, Jessika"]
[Black "Kharisma, Irine"]
[Result "0-1"]
[WhiteElo "1599"]
[BlackElo "2010"]
[PlyCount "78"]
[EventDate "2005.07.19"]
[EventType "swiss"]
[EventRounds "11"]
[EventCountry "FRA"]
[Source "lmi"]
[SourceDate "2005.07.31"]

1. e4 c5 2. Nf3 Nc6 3. d4 cxd4 4. Nxd4 g6 5. Nc3 Bg7 6. Nb3 Nf6 7. Be2 O-O 8.
O-O a6 9. f4 d6 10. Be3 b5 11. Bf3 Qc7 12. Qe2 Bb7 13. Rae1 Rac8 14. Rf2 e6 15.
f5 Ne5 16. fxe6 fxe6 17. Nd4 Qd7 18. a3 Nc4 19. Bg4 Nxg4 20. Rxf8+ Rxf8 21.
Qxg4 Nxe3 22. Qxe6+ Qxe6 23. Nxe6 Nxc2 24. Rc1 Bh6 25. Rd1 Be3+ 26. Kh1 Rf2 27.
h3 Bd2 28. Kg1 Be3 29. Kh1 Ba7 30. Nd8 Ba8 31. Ne6 Ne3 32. Rd3 h6 33. Nc7 Bb7
34. Rxd6 Rf1+ 35. Kh2 Bb8 36. Rd7 Rf7 37. Rd8+ Rf8 38. Rd7 Rc8 39. N3d5 Bxd5
0-1

[Event "Mundial Juvenil femenino 2005 s14"]
[Site "Belfort FRA"]
[Date "2005.07.23"]
[Round "5.11"]
[White "Fernandez, Laura"]
[Black "Iordanidou, Zoi"]
[Result "0-1"]
[WhiteElo "1599"]
[BlackElo "1992"]
[PlyCount "122"]
[EventDate "2005.07.19"]
[EventType "swiss"]
[EventRounds "11"]
[EventCountry "FRA"]
[Source "lmi"]
[SourceDate "2005.07.31"]

1. e4 c5 2. Nc3 Nc6 3. Nf3 g6 4. d4 cxd4 5. Nxd4 Bg7 6. Be3 a6 7. Qd2 Nf6 8. f3
d6 9. O-O-O Bd7 10. Bh6 Bxh6 11. Qxh6 Qa5 12. Nb3 Qh5 13. Qe3 b5 14. Nd5 Nxd5
15. Rxd5 Qh4 16. g3 Qf6 17. Rd1 O-O 18. f4 Rfd8 19. h4 Rac8 20. Kb1 Be6 21. Nd4
Bg4 22. Rd2 Na5 23. Bd3 Nc4 24. Bxc4 bxc4 25. c3 e5 26. Nf3 exf4 27. gxf4 d5
28. Ne5 Be6 29. exd5 Bxd5 30. Rhd1 Qxh4 31. Kc2 Be6 32. Rxd8+ Rxd8 33. Rxd8+
Qxd8 34. Nc6 Qh4 35. Nd4 Qh2+ 36. Kc1 Qh1+ 37. Kd2 Qd5 38. Ke2 h5 39. Kf2 Kg7
40. Nxe6+ fxe6 41. Qb6 Qd2+ 42. Kf3 Qd3+ 43. Kf2 Qd2+ 44. Kf3 Qd5+ 45. Kf2 Qf5
46. Qd4+ e5 47. Qxc4 Qxf4+ 48. Qxf4 exf4 49. Kf3 g5 50. c4 Kf6 51. b4 Ke5 52.
c5 g4+ 53. Kf2 h4 54. a4 h3 55. b5 axb5 56. axb5 Kd5 57. c6 Kd6 58. Kf1 g3 59.
Kg1 f3 60. c7 f2+ 61. Kf1 Kxc7 0-1

[Event "Mundial Juvenil femenino 2005 s14"]
[Site "Belfort FRA"]
[Date "2005.07.23"]
[Round "5.12"]
[White "Le, Hoan Tran Chau"]
[Black "Agrest, Inna"]
[Result "1/2-1/2"]
[WhiteElo "1599"]
[BlackElo "1984"]
[PlyCount "77"]
[EventDate "2005.07.19"]
[EventType "swiss"]
[EventRounds "11"]
[EventCountry "FRA"]
[Source "lmi"]
[SourceDate "2005.07.31"]

1. d4 Nf6 2. Nf3 g6 3. c4 Bg7 4. Nc3 d6 5. e4 O-O 6. Be2 Nbd7 7. O-O e5 8. Bg5
c6 9. d5 h6 10. Bh4 Qc7 11. Nd2 Nh7 12. b4 f5 13. exf5 gxf5 14. Qb3 Kh8 15. c5
Ndf6 16. Nc4 cxd5 17. Nxd6 Be6 18. Rac1 Ng5 19. Ncb5 Qe7 20. f4 Nf7 21. fxe5
Nxe5 22. Nxf5 Bxf5 23. Rxf5 Ng6 24. Bxf6 Bxf6 25. Bh5 Nh4 26. Rxd5 Rg8 27. Bf3
Nxg2 28. Bxg2 Qe2 29. Qh3 Rxg2+ 30. Kh1 Rg6 31. Nd6 Rf8 32. Rd3 Be5 33. Re3 Qd2
34. Rce1 Bxd6 35. cxd6 Qxd6 36. Rg3 Rgf6 37. Qg4 Qd5+ 38. Kg1 Qf7 39. Qd4
1/2-1/2

[Event "Mundial Juvenil femenino 2005 s14"]
[Site "Belfort FRA"]
[Date "2005.07.23"]
[Round "5.13"]
[White "Jorgensen, Line Jin"]
[Black "Pon, N. Krithika"]
[Result "1/2-1/2"]
[WhiteElo "1599"]
[BlackElo "2007"]
[PlyCount "73"]
[EventDate "2005.07.19"]
[EventType "swiss"]
[EventRounds "11"]
[EventCountry "FRA"]
[Source "lmi"]
[SourceDate "2005.07.31"]

1. e4 e5 2. Nf3 d6 3. d4 exd4 4. Nxd4 Nf6 5. Nc3 Be7 6. Bf4 O-O 7. Qd2 Nc6 8.
O-O-O Nxd4 9. Qxd4 Be6 10. f3 Nd7 11. g4 a5 12. Be2 Bf6 13. Qe3 a4 14. Nd5 Bxd5
15. exd5 a3 16. b3 Re8 17. Qd2 Nb6 18. Bb5 Rf8 19. g5 Be7 20. h4 f6 21. Rdg1
Nd7 22. g6 h6 23. Be2 f5 24. Bg5 Nf6 25. c4 Qd7 26. Bd3 Ne8 27. Re1 Bf6 28. Re6
c6 29. Bxf6 Rxf6 30. Rxf6 Nxf6 31. dxc6 bxc6 32. Qf4 Qf7 33. Bxf5 d5 34. Bd3
Rd8 35. Kc2 Qa7 36. Rd1 Qd7 37. Qg5 1/2-1/2

[Event "Mundial Juvenil femenino 2005 s14"]
[Site "Belfort FRA"]
[Date "2005.07.23"]
[Round "5.14"]
[White "Maroroa, Sue Yuchan"]
[Black "Heinatz, Maria"]
[Result "0-1"]
[WhiteElo "1599"]
[BlackElo "1940"]
[PlyCount "64"]
[EventDate "2005.07.19"]
[EventType "swiss"]
[EventRounds "11"]
[EventCountry "FRA"]
[Source "lmi"]
[SourceDate "2005.07.31"]

1. e4 c5 2. Nc3 Nc6 3. Bc4 g6 4. f4 Bg7 5. Nf3 e6 6. f5 Nge7 7. d3 d5 8. fxg6
fxg6 9. Bb3 b5 10. a3 a6 11. Bg5 Qd7 12. Qe2 O-O 13. O-O Bb7 14. Rae1 Rae8 15.
exd5 exd5 16. Qe6+ Qxe6 17. Rxe6 c4 18. Ba2 Bxc3 19. bxc3 Nf5 20. Rfe1 Kf7 21.
Rf6+ Kg7 22. Rfe6 Rxe6 23. Rxe6 h6 24. Bd2 Rf7 25. g4 Nfe7 26. Nd4 g5 27. a4
Nxd4 28. cxd4 cxd3 29. axb5 axb5 30. cxd3 Bc8 31. Rb6 Bxg4 32. h4 Bd7 0-1

[Event "Mundial Juvenil femenino 2005 s14"]
[Site "Belfort FRA"]
[Date "2005.07.23"]
[Round "5.15"]
[White "Yu, Moqi"]
[Black "Elamri, Laila A"]
[Result "1-0"]
[WhiteElo "1599"]
[BlackElo "1928"]
[PlyCount "113"]
[EventDate "2005.07.19"]
[EventType "swiss"]
[EventRounds "11"]
[EventCountry "FRA"]
[Source "lmi"]
[SourceDate "2005.07.31"]

1. e4 e5 2. Nf3 Nc6 3. Bb5 a6 4. Ba4 Nf6 5. O-O Be7 6. Re1 b5 7. Bb3 d6 8. c3
O-O 9. d3 Na5 10. Bc2 c5 11. Nbd2 Re8 12. Nf1 Bf8 13. h3 g6 14. Ng3 Bg7 15. d4
Qc7 16. d5 Nc4 17. Nh2 h5 18. b3 Nb6 19. Bg5 Nbd7 20. Qd2 Kh7 21. Nf3 Ng8 22.
Be3 Bh6 23. Bxh6 Nxh6 24. Ng5+ Kg7 25. Bd1 Nf6 26. a4 Bb7 27. Ra2 Qe7 28. Be2
bxa4 29. Rxa4 Reb8 30. Rea1 Bc8 31. b4 cxb4 32. cxb4 Rb6 33. b5 Bd7 34. Rxa6
Rbxa6 35. bxa6 Bc8 36. Bb5 Nd7 37. Nf3 Nc5 38. Qe2 Qc7 39. Nd2 Qb6 40. Rb1 Bxa6
41. Nc4 Qc7 42. Bxa6 Rxa6 43. Ne3 Rb6 44. Rxb6 Qxb6 45. Nc4 Qa6 46. Qc2 Ng8 47.
Kh2 Ne7 48. Nxe5 Nxe4 49. Nxe4 dxe5 50. d6 Nc6 51. d7 Qa8 52. f3 Nd8 53. Qc5
Qc6 54. Qxe5+ Kh7 55. Ng5+ Kh6 56. Qh8+ Kxg5 57. Qxd8+ 1-0

[Event "Mundial Juvenil femenino 2005 s14"]
[Site "Belfort FRA"]
[Date "2005.07.23"]
[Round "5.16"]
[White "Brunello, Roberta"]
[Black "Parrilla, Medina"]
[Result "0-1"]
[WhiteElo "1837"]
[BlackElo "1599"]
[PlyCount "78"]
[EventDate "2005.07.19"]
[EventType "swiss"]
[EventRounds "11"]
[EventCountry "FRA"]
[Source "lmi"]
[SourceDate "2005.07.31"]

1. e4 c5 2. Nf3 Nc6 3. d4 cxd4 4. Nxd4 g6 5. Be3 Bg7 6. Nc3 Nf6 7. f3 O-O 8.
Qd2 d5 9. e5 Nxe5 10. Bh6 Nc6 11. Nb3 Qd6 12. O-O-O Rd8 13. h4 e5 14. g4 Be6
15. h5 Qf8 16. Bxg7 Qxg7 17. Qf2 d4 18. Nb1 Nb4 19. a3 Bxb3 20. axb4 Rac8 21.
Na3 Bd5 22. Bd3 Qh6+ 23. Kb1 Qf4 24. Qh4 g5 25. Qh2 Qxh2 26. Rxh2 Bxf3 27. Rf1
e4 28. Bb5 Nxg4 29. Rd2 Kg7 30. Ba4 Ne5 31. Rh2 h6 32. Bb3 g4 33. Nb5 a6 34.
Na3 Kh7 35. b5 Rd6 36. bxa6 bxa6 37. Rd2 e3 38. Rh2 f5 39. c3 d3 0-1

[Event "Mundial Juvenil femenino 2005 s14"]
[Site "Belfort FRA"]
[Date "2005.07.23"]
[Round "5.17"]
[White "Uuganbayar, Khamsuren"]
[Black "Garusinghe, U."]
[Result "1-0"]
[WhiteElo "1599"]
[BlackElo "1603"]
[PlyCount "119"]
[EventDate "2005.07.19"]
[EventType "swiss"]
[EventRounds "11"]
[EventCountry "FRA"]
[Source "lmi"]
[SourceDate "2005.07.31"]

1. e4 c5 2. c3 d5 3. exd5 Qxd5 4. d4 Nf6 5. Nf3 e6 6. Be2 Nc6 7. Na3 a6 8. Nc4
Qd8 9. Bg5 b5 10. Nce5 Bb7 11. dxc5 Nxe5 12. Nxe5 Bxc5 13. Qxd8+ Rxd8 14. Bxf6
gxf6 15. Bf3 Bxf3 16. Nxf3 Ke7 17. Ke2 Rd7 18. b4 Bb6 19. a4 Rc8 20. Rhc1 Ra7
21. axb5 axb5 22. Rxa7+ Bxa7 23. Ra1 Bb6 24. Ra6 Rb8 25. Nd2 Kd7 26. c4 bxc4
27. Nxc4 Kc6 28. Kd3 Kb5 29. Rxb6+ Rxb6 30. Nxb6 Kxb6 31. Kc4 h5 32. h4 f5 33.
Kd4 f6 34. Kc4 Kc6 35. g3 Kb6 36. b5 e5 37. Kd5 Kxb5 38. Ke6 Kc4 39. Kxf5 Kd4
40. g4 hxg4 41. Kxg4 Ke4 42. f3+ Ke3 43. h5 e4 44. fxe4 Kxe4 45. h6 f5+ 46. Kh3
Ke3 47. h7 f4 48. h8=Q f3 49. Qf6 f2 50. Kg2 f1=Q+ 51. Kxf1 Ke4 52. Ke2 Kd5 53.
Kd3 Kc5 54. Qd4+ Kc6 55. Kc4 Kc7 56. Kc5 Kb7 57. Qd7+ Ka6 58. Qb5+ Ka7 59. Kc6
Ka8 60. Qb7# 1-0

[Event "Mundial Juvenil femenino 2005 s14"]
[Site "Belfort FRA"]
[Date "2005.07.23"]
[Round "5.18"]
[White "Forgues, Valerie"]
[Black "Ramirez, Heimi"]
[Result "0-1"]
[WhiteElo "1599"]
[BlackElo "1599"]
[PlyCount "42"]
[EventDate "2005.07.19"]
[EventType "swiss"]
[EventRounds "11"]
[EventCountry "FRA"]
[Source "lmi"]
[SourceDate "2005.07.31"]

1. e4 c5 2. Nf3 d6 3. d4 cxd4 4. Nxd4 Nf6 5. Nc3 a6 6. Be2 g6 7. Be3 Bg7 8. Qd2
Nc6 9. O-O-O Bd7 10. Kb1 b5 11. f3 Ne5 12. h4 h5 13. a3 Nc4 14. Bxc4 bxc4 15.
Nce2 Rb8 16. Ng3 Qc7 17. Rhe1 c3 18. Qd3 Rxb2+ 19. Kc1 Ra2 20. Nb3 Qa5 21. Kb1
Rb2+ 0-1